00567nam a2200205Ia 4500003000900000008004100009040001300050040001300063041000800076100003000084100000900114245009700123250001000220260001500230260000900245300001100254300001200265490000600277600007800283IT-RoPAU120407s9999 xx 000 0 und d aIT-RoPAU cIT-RoPAU afra aH. Pinard de La Boullaye  cs.j. aLa spiritualité ignatienne. Textes, choisis et présentés par H. Pinard De La Boullaye. aParis aLibr. Plon c1949 a459 p. c20,5 cm v1 a"1. Ignazio di Lojola, s. - Spiritualità. 2. Spiritualità ignaziana."